Bharatbarshar itihas (prachin jugar pora 1526 khristabdo)/ (Record no. 11417)

MARC details
000 -LEADER
fixed length control field 00695nam a22002177a 4500
005 - DATE AND TIME OF LATEST TRANSACTION
control field 20230121125016.0
008 - FIXED-LENGTH DATA ELEMENTS--GENERAL INFORMATION
fixed length control field 220930b ||||| |||| 00| 0 eng d
020 ## - INTERNATIONAL STANDARD BOOK NUMBER
International Standard Book Number 9789385439766
040 ## - CATALOGING SOURCE
Original cataloging agency IN-DiNC
Transcribing agency IN-DiNC
041 ## - LANGUAGE CODE
Language code of sung or spoken text Assamese
082 ## - DEWEY DECIMAL CLASSIFICATION NUMBER
Classification number 934
Item number GOS
100 ## - MAIN ENTRY--PERSONAL NAME
Personal name Goswami, Pankaj
Relator term Author
245 ## - TITLE STATEMENT
Title Bharatbarshar itihas (prachin jugar pora 1526 khristabdo)/
Statement of responsibility, etc. by Pankaj Goswami, Gita Rani Goswami and Raktim Jyoti Hazarika
250 ## - EDITION STATEMENT
Edition statement 1st ed.
260 ## - PUBLICATION, DISTRIBUTION, ETC.
Place of publication, distribution, etc. Jorhat:
Name of publisher, distributor, etc. Bidya bhawan,
Date of publication, distribution, etc. 2020.
300 ## - PHYSICAL DESCRIPTION
Extent 488p.
650 ## - SUBJECT ADDED ENTRY--TOPICAL TERM
Topical term or geographic name entry element History of India from the earliest times to 1526
700 ## - ADDED ENTRY--PERSONAL NAME
Personal name Goswami, Gita Rani
Relator term Author
700 ## - ADDED ENTRY--PERSONAL NAME
Personal name Hazarika, Raktim Jyoti
Relator term Author
942 ## - ADDED ENTRY ELEMENTS (KOHA)
Source of classification or shelving scheme Dewey Decimal Classification
Koha item type Books
Holdings
Withdrawn status Lost status Source of classification or shelving scheme Damaged status Not for loan Collection code Home library Current library Shelving location Date acquired Cost, normal purchase price Total Checkouts Full call number Barcode Date last seen Date last checked out Copy number Price effective from Koha item type Date due
    Dewey Decimal Classification     History Central Library, Naharkatiya College Central Library, Naharkatiya College General Stacks 30/09/2022 320.00 9 934 GOS 28915 14/02/2025 25/01/2025 1 30/09/2022 Books  
    Dewey Decimal Classification     History Central Library, Naharkatiya College Central Library, Naharkatiya College General Stacks 30/09/2022 320.00 1 934 GOS 28916 10/02/2025 26/10/2024 2 30/09/2022 Books  
    Dewey Decimal Classification     History Central Library, Naharkatiya College Central Library, Naharkatiya College General Stacks 30/09/2022 320.00 5 934 GOS 28917 14/02/2025 22/01/2025 3 30/09/2022 Books  
    Dewey Decimal Classification     History Central Library, Naharkatiya College Central Library, Naharkatiya College General Stacks 21/01/2023 320.00 15 934 GOS 29146 16/10/2025 10/10/2025 4 21/01/2023 Books  
    Dewey Decimal Classification     History Central Library, Naharkatiya College Central Library, Naharkatiya College General Stacks 21/01/2023 320.00 2 934 GOS 29147 24/10/2024 03/10/2024 5 21/01/2023 Books  
    Dewey Decimal Classification     History Central Library, Naharkatiya College Central Library, Naharkatiya College General Stacks 21/01/2023 320.00 1 934 GOS 29148 06/02/2023 06/02/2023 6 21/01/2023 Books 21/02/2023

Naharkatiya College © 2020. All rights reserved.

Powered By